000 00351 a2200157 4500
001 180971
020 _a
040 _cMagnum
100 _aMagalhães, Antônio Sérgio Palombo de
240 1 0 _aDeus pertinho/2 serie
_lpor
245 1 0 _aDeus pertinho/2 serie
362 0 _a1899
440 1 _aÁtica
697 _aMAGNITO: RELIGIAO
942 _cBK
999 _c180971
_d180971